00549nam a2200169Ia 4500003000900000008004100009020001800050040001600068080001500084100006600099245010300165260003300268300001300301650002300314650002300337650001900360IN-BaIIA211028s9999 xx 000 0 eng d a0-08-023076-8 cIIA Library a92:53bLIV aLivanova, Anna  0aLandauba great physicist and teachercAnna Livanova  aOxfordbPergamon Pressc1980 ax, 217p. aBiography - Landau aLandau - Biography aNASA thesaurus